Надежность цифровых устройств релейной защиты. Показатели. Требования. Оценки

Opis bibliograficzny
1. autor: Захаров О. Г.
Streszczenie:В книге проанализированы и систематизированы требования к надежности цифровых устройств релейной защиты, регламентированные в нормативных документах. На основе опыта аттестации и сертификации цифровых устройств в различных организациях даны предложения по номенклатуре показателей надежности, приводимой в технических условиях. Рассмотрены используемые в практике способы оценки, основанные на статистической обработке информации о правильных и неправильных срабатываниях защит. Даны примеры оценок выбранных показателей надежности на основе информации, получаемой от эксплуатирующих организаций, с применением стандартных планов и методов контрольных испытаний на надежность. Приведена статистическая информация об отказах устройств и применяемых в них элементов. Дана информация о поведении цифровых устройств релейной защиты при экстремальных воздействиях. Книга предназначена для специалистов, занимающихся разработкой, проектированием и эксплуатацией цифровых устройств релейной защиты, а также может быть полезна научным работникам, преподавателям, аспирантам и студентам соответствующих дисциплин средних и высших учебных заведений.
Język:rosyjski
Wydane: Москва, Инфра-Инженерия, 2014
Hasła przedmiotowe:
Format: MixedMaterials Książka
KOHA link:https://koha.lib.tpu.ru/cgi-bin/koha/opac-detail.pl?biblionumber=250868

MARC

LEADER 00000nam0a2200000 4500
001 250868
005 20231101232614.0
010 |a 9785972900732 
035 |a (RuTPU)RU\TPU\book\273104 
090 |a 250868 
100 |a 20140217d2014 k y0rusy50 ca 
101 0 |a rus 
102 |a RU 
105 |a a z 001zy 
200 1 |a Надежность цифровых устройств релейной защиты. Показатели. Требования. Оценки  |f О. Г. Захаров 
210 |a Москва  |c Инфра-Инженерия  |d 2014 
215 |a 128 с.  |c ил. 
320 |a Библиогр.: с. 123-127. 
320 |a Словарь: с. 115-122. 
330 |a В книге проанализированы и систематизированы требования к надежности цифровых устройств релейной защиты, регламентированные в нормативных документах. На основе опыта аттестации и сертификации цифровых устройств в различных организациях даны предложения по номенклатуре показателей надежности, приводимой в технических условиях. Рассмотрены используемые в практике способы оценки, основанные на статистической обработке информации о правильных и неправильных срабатываниях защит. Даны примеры оценок выбранных показателей надежности на основе информации, получаемой от эксплуатирующих организаций, с применением стандартных планов и методов контрольных испытаний на надежность. Приведена статистическая информация об отказах устройств и применяемых в них элементов. Дана информация о поведении цифровых устройств релейной защиты при экстремальных воздействиях. Книга предназначена для специалистов, занимающихся разработкой, проектированием и эксплуатацией цифровых устройств релейной защиты, а также может быть полезна научным работникам, преподавателям, аспирантам и студентам соответствующих дисциплин средних и высших учебных заведений. 
606 1 |a Релейная защита в целом  |2 stltpush  |3 (RuTPU)RU\TPU\subj\24926  |9 49192 
610 1 |a надежность 
610 1 |a нормативные документы 
610 1 |a формулы 
610 1 |a отказоустойчивость 
610 1 |a цифровые устройства 
610 1 |a сохраняемость 
610 1 |a аттестация 
610 1 |a сертификация 
610 1 |a контрольные испытания 
610 1 |a оценка 
675 |a 621.316.925.1  |v 3 
700 1 |a Захаров  |b О. Г. 
801 1 |a RU  |b 63413507  |c 20140217 
801 2 |a RU  |b 63413507  |c 20160718  |g RCR 
942 |c BK 
959 |a 28/20140217  |d 2  |e 0  |f ЧЗТЛ:1  |f АНЛ:1 
959 |a 32/20160331  |d 3  |e 991,00  |f УФ:3